LIBRARY & INFORMATION CENTRE, KCAET, TAVANUR

ONLINE PUBLIC ACCESS CATALOGUE (OPAC)

New worlds of modern science: A treasury / (Record no. 9299)

MARC details
000 -LEADER
fixed length control field 00441cam a2200157ua 4500
041 ## - LANGUAGE CODE
Language code of text/sound track or separate title eng
082 ## - DEWEY DECIMAL CLASSIFICATION NUMBER
Classification number 539
Item number ENG/NE
100 ## - MAIN ENTRY--AUTHOR NAME
Personal name Engel, Leonardo .
245 ## - TITLE STATEMENT
Title New worlds of modern science: A treasury /
260 ## - PUBLICATION, DISTRIBUTION, ETC. (IMPRINT)
Place of publication :
Name of publisher President of the massachusetts institute of technology ,
Year of publication 1956.
300 ## - PHYSICAL DESCRIPTION
Number of Pages 382 ; .
700 1# - ADDED ENTRY--PERSONAL NAME
Personal name Killiam, James .
942 ## - ADDED ENTRY ELEMENTS (KOHA)
Koha item type Books
Holdings
Withdrawn status Lost status Damaged status Home library Current library Date acquired Full call number Accession Number Koha item type
      KAUAET KAUAET 07/04/2012 539 686 Books
free website counter